Leicestershire Train Stations - Statistics

General Stats
  • This quiz has been taken 71 times
    69 since last reset
  • The average score is 8 of 11
Answer Stats
Main Operator Station % Correct
East Midlands Railway Leicester
98%
East Midlands Railway Loughborough
85%
CrossCountry Melton Mowbray
85%
East Midlands Railway Syston
74%
CrossCountry Hinckley
72%
East Midlands Railway Market Harborough
72%
CrossCountry Narborough
70%
CrossCountry South Wigston
67%
East Midlands Railway Sileby
61%
East Midlands Railway Barrow-upon-Soar
54%
East Midlands Railway Bottesford
30%
No matching quizzes found
Score Distribution
Percent of People with Each Score
Percentile by Number Answered
Your Score History
You have not taken this quiz since the last reset